[Event "Extraliga 2008/09 (juniors)"]
[Site "masterchessopen.com Czech Republic"]
[Date "2009.04.24"]
[Round "0"]
[White "Vala Filip (CZE)"]
[Black "Vesecky Martin"]
[Result "0-1"]
[WhiteElo "2064"]
[BlackElo "1956"]

1.e4 c5 2.Nf3 d6 3.d4 cxd4 4.Nxd4 Nf6 5.Nc3 a6 6.Be2 e6 7.O-O Qc7 8.f4 Nbd7
9.g4 h6 10.g5 hxg5 11.fxg5 d5 12.e5 Ne4 13.Nxe4 dxe4 14.g6 Nxe5 15.gxf7+ Nxf7
16.Rf2 Bc5 17.c3 e5 18.Bh5 Rf8 19.b4 Ba7 20.Be3 Qxc3 21.Bxf7+ Rxf7 22.Rxf7
Qxe3+ 23.Rf2 Bxd4 24.Qh5+ Kd8 25.Rf1 Qh3 26.Qf7 Bg4 27.Kh1 Bxf2 28.Rxf2 Bf3+
29.Kg1 Qg4+ 30.Kf1 Qg5 31.Qf8+ Kd7 32.Qf7+ Kd6 33.Qc4 Rd8 34.h4 Qe3 35.Rc2
{#R} 0-1

[Event "Memorial Dr. Armando Rizzoni (cat.6)"]
[Site "masterchessopen.com Campinas (Brazil)"]
[Date "2009.05.06"]
[Round "3"]
[White "Oliveira Silvio Eduardo (BRA)"]
[Black "Chauca Jose (PER)"]
[Result "1-0"]
[WhiteElo "2357"]
[BlackElo "2086"]

1.e4 c5 2.Nf3 e6 3.d4 cxd4 4.Nxd4 a6 5.Be2 Nf6 6.Nc3 Qc7 7.O-O d6 8.f4 Be7
9.Be3 O-O 10.g4 Nc6 11.g5 Nd7 12.f5 Nxd4 13.Qxd4 Re8 14.f6 Bf8 15.a4 b6
16.Rad1 g6 17.Qd2 Bb7 18.Bf4 Ne5 19.h4 Red8 20.Qe3 Bc6 21.h5 Qb7 22.Kg2 b5
23.Bxe5 dxe5 24.hxg6 fxg6 25.axb5 axb5 26.Bg4 Qf7 27.Qg3 b4 28.Qxe5 Re8 29.Ne2
Rab8 30.Nd4 Bd7 31.Nf3 Rbc8 32.Qd4 Rxc2+ 33.Rf2 Bc5 34.Rxc2 Bxd4 35.Rxd4 {#r}
1-0

[Event "It (open)"]
[Site "masterchessopen.com Subic Bay (Philippines)"]
[Date "2009.05.25"]
[Round "1"]
[White "Wan Yunguo (CHN)"]
[Black "Lluch Victor (PHI)"]
[Result "1-0"]
[WhiteElo "2446"]
[BlackElo "2274"]

1.e4 c5 2.Nf3 e6 3.d4 cxd4 4.Nxd4 Nf6 5.Nc3 d6 6.Be2 a6 7.O-O Qc7 8.a4 b6 9.f4
Bb7 10.Bf3 Be7 11.e5 dxe5 12.fxe5 Nfd7 13.Bxb7 Qxb7 14.Qg4 g6 15.Nxe6 fxe6
16.Qxe6 Qc6 17.Qf7+ Kd8 18.Nd5 Bc5+ 19.Kh1 Nxe5 20.Qg7 Qxd5 21.c4 Qg8 22.Qb7
Nbc6 23.Bg5+ Ke8 24.Qxa8+ Kd7 25.Qb7+ {#r} 1-0

[Event "It (open) (b)"]
[Site "masterchessopen.com Dortmund (Germany)"]
[Date "2009.07.04"]
[Round "1"]
[White "Herrmann Christoph (GER)"]
[Black "Heyder Siegfried"]
[Result "1-0"]
[WhiteElo "1933"]
[BlackElo "1265"]

1.e4 c5 2.Nf3 e6 3.d4 cxd4 4.Nxd4 a6 5.Be2 Qc7 6.O-O Nf6 7.Nc3 d6 8.Be3 g6
9.f4 Bg7 10.Qe1 b6 11.Qg3 Bb7 12.Bf3 Nbd7 13.Rad1 Nc5 14.e5 Nfe4 15.Nxe4 Nxe4
16.Bxe4 Bxe4 17.exd6 Qb7 18.f5 exf5 19.d7+ Qxd7 20.Nxf5 Bxf5 21.Rxd7 Bxd7
22.Qd6 b5 23.Bg5 Bf8 24.Re1+ Be6 25.Rxe6+ {#r} 1-0

[Event "It (open)"]
[Site "masterchessopen.com Leiden (Netherlands)"]
[Date "2009.07.10"]
[Round "1"]
[White "Slingerland Fred (NED)"]
[Black "Boyarchenko Marie (LUX)"]
[Result "1-0"]
[WhiteElo "2406"]
[BlackElo "2028"]

1.e4 c5 2.Nf3 e6 3.d4 cxd4 4.Nxd4 a6 5.Be2 Qc7 6.O-O Nf6 7.Nc3 d6 8.f4 Be7
9.Kh1 Bd7 10.Be3 Nc6 11.Qe1 b5 12.a3 g6 13.Qg3 h5 14.Bf3 Ng4 15.Bg1 Nf6
16.Nxc6 h4 17.Qe1 Bxc6 18.Bd4 e5 19.fxe5 dxe5 20.Be3 Nh5 21.Kg1 Rd8 22.Qf2 Rd6
23.Bxh5 gxh5 24.Qxf7+ Kd8 25.Rad1 Be8 26.Qg7 {#r} 1-0

[Event "It (open)"]
[Site "masterchessopen.com Condom (France)"]
[Date "2009.07.15"]
[Round "6"]
[White "Cornette Matthieu (FRA)"]
[Black "Gertosio Franck (FRA)"]
[Result "1-0"]
[WhiteElo "2578"]
[BlackElo "2038"]

1.e4 c5 2.Nf3 e6 3.d4 cxd4 4.Nxd4 a6 5.Be2 Nf6 6.Nc3 Qc7 7.O-O d6 8.f4 Nbd7
9.Bf3 Be7 10.a4 Rb8 11.Kh1 g6 12.a5 e5 13.Nde2 b5 14.axb6 Qxb6 15.Qe1 h5
16.fxe5 dxe5 17.Bg5 Qc6 18.Rd1 Rxb2 19.Nd5 Nxd5 20.exd5 Qd6 21.Bxe7 Kxe7
22.Nd4 Bb7 23.Qh4+ Qf6 24.d6+ Kf8 25.Qh3 Nc5 26.Bxb7 Qd8 27.Bd5 {#r} 1-0

[Event "Tournament (open)"]
[Site "masterchessopen.com Quixada (Brazil)"]
[Date "2009.07.19"]
[Round "6"]
[White "Pinheiro Iung (BRA)"]
[Black "Azevedo Alcides Alexandre (BRA)"]
[Result "1-0"]
[WhiteElo "2257"]
[BlackElo "2105"]

1.e4 c5 2.Nf3 d6 3.d4 cxd4 4.Nxd4 Nf6 5.Nc3 a6 6.Be2 e6 7.O-O Qc7 8.f4 b5
9.Bf3 Bb7 10.f5 b4 11.fxe6 bxc3 12.Bh5 Qc5 13.exf7+ Kd8 14.Rf5 Qb4 15.bxc3
Qxc3 16.Ne6+ Ke7 17.Bd2 Qc4 18.Rxf6 gxf6 19.Nf4 Nd7 20.Bg4 Ne5 21.Be6 Qd4+
22.Kh1 Nc4 23.Bd5 Bxd5 24.Nxd5+ Kxf7 25.Qh5+ Ke6 26.Qf5+ Kf7 27.Bc3 {#r} 1-0

[Event "Zt"]
[Site "masterchessopen.com Ho Chi Minh City (Vietnam)"]
[Date "2009.07.29"]
[Round "9"]
[White "Ly Hong Nguyen (VIE)"]
[Black "Le Huu Thai (VIE)"]
[Result "1-0"]
[WhiteElo "2302"]
[BlackElo "1873"]

1.e4 c5 2.Nf3 e6 3.d4 cxd4 4.Nxd4 Nf6 5.Nc3 d6 6.Be2 a6 7.O-O Qc7 8.f4 Nbd7
9.Bf3 Be7 10.Kh1 O-O 11.a4 Rb8 12.g4 Rd8 13.g5 Ne8 14.Bg2 Nf8 15.f5 b6 16.Qf3
f6 17.fxe6 Nxe6 18.Nf5 Bb7 19.Nd5 Bxd5 20.exd5 Nxg5 21.Qe2 Bf8 22.Bxg5 fxg5
23.Qe6+ Kh8 24.Nh6 {#r} 1-0

[Event "It (open)"]
[Site "masterchessopen.com Pardubice (Czech Republic)"]
[Date "2009.08.01"]
[Round "9"]
[White "Vocaturo Daniele (ITA)"]
[Black "Rasik Vitezslav (CZE)"]
[Result "0-1"]
[WhiteElo "2507"]
[BlackElo "2455"]

1.e4 c5 2.Nf3 e6 3.d4 cxd4 4.Nxd4 Nf6 5.Nc3 d6 6.Be2 a6 7.O-O Qc7 8.f4 Be7
9.Kh1 O-O 10.Qe1 b5 11.Bf3 Bb7 12.e5 dxe5 13.fxe5 Nfd7 14.Qg3 Kh8 15.Bf4 Bxf3
16.Qxf3 Qa7 17.Rad1 b4 18.Ne4 Nc5 19.Nxc5 Bxc5 20.Be3 Nd7 21.Nc6 Qb6 22.Rxd7
Bxe3 23.Rxf7 Rxf7 24.Qxf7 h6 25.Qxe6 Qb5 26.Rf3 Bc5 27.h3 Qe2 28.Qf5 Rf8
29.Qd3 Qe1+ 30.Kh2 Bg1+ 31.Kh1 Bf2+ {#R} 0-1

[Event "It (open)"]
[Site "masterchessopen.com Badalona (Spain)"]
[Date "2009.08.02"]
[Round "2"]
[White "Moreno Martin Daniel (ESP)"]
[Black "Sundararajan Kidambi (IND)"]
[Result "0-1"]
[WhiteElo "2231"]
[BlackElo "2506"]

1.e4 c5 2.Nf3 e6 3.d4 cxd4 4.Nxd4 Nf6 5.Nc3 d6 6.Be2 a6 7.O-O Qc7 8.f4 Nc6
9.Be3 Be7 10.Kh1 O-O 11.a4 Bd7 12.Nb3 b6 13.g4 d5 14.exd5 Nb4 15.Bf3 Rad8
16.Qe2 Nfxd5 17.Nxd5 Nxd5 18.Bxd5 exd5 19.Bd4 Bc5 20.f5 Rfe8 21.Qf2 Re4
22.Bxc5 d4 23.Nd2 Rxg4 24.Bb4 a5 25.Ba3 Bc6+ 26.Nf3 Rf4 27.Qg3 Rxf3 28.Rxf3
Qxg3 29.hxg3 Bxf3+ 30.Kg1 Be4 31.Rc1 Bxf5 {#R} 0-1

[Event "It (open) (a)"]
[Site "masterchessopen.com Sukhumi (Georgia)"]
[Date "2009.08.03"]
[Round "1"]
[White "Airapetian Valentin (RUS)"]
[Black "Abashev Alex (RUS)"]
[Result "0-1"]
[WhiteElo "1894"]
[BlackElo "2256"]

1.e4 c5 2.Nf3 d6 3.d4 cxd4 4.Nxd4 Nf6 5.Nc3 a6 6.Be2 e6 7.O-O Qc7 8.Be3 b5
9.Bf3 Bb7 10.a3 Nbd7 11.Bg5 Be7 12.Bh4 O-O 13.Bg3 Ne5 14.Qe2 Qb6 15.Rfd1 Nxf3+
16.Qxf3 Rac8 17.Nb3 d5 18.exd5 Nxd5 19.Nxd5 Bxd5 20.Qe2 Bf6 21.Rab1 Qc6 22.f3
Qxc2 23.Qxc2 Rxc2 24.Nd4 Rcc8 25.Bf2 Rfd8 26.Ne2 Ba2 27.Rxd8+ Rxd8 28.Ra1 Bxb2
29.Rxa2 Rd1+ 30.Be1 Rxe1+ 31.Kf2 Rb1 32.Ke3 Bf6 33.Rc2 Rb3+ 34.Ke4 g6 35.a4
Rb4+ {#R} 0-1

[Event "It (open)"]
[Site "masterchessopen.com Collado Villalba (Spain)"]
[Date "2009.08.23"]
[Round "3"]
[White "Ponce Lopez Miguel (ESP)"]
[Black "Sanchez Gonzalez Sergio (ESP)"]
[Result "0-1"]
[WhiteElo "2185"]
[BlackElo "2305"]

1.e4 c5 2.Nf3 d6 3.d4 Nf6 4.Nc3 cxd4 5.Nxd4 e6 6.Be2 a6 7.O-O Qc7 8.f4 Nc6
9.Be3 Be7 10.Qe1 Bd7 11.Qg3 g6 12.Rad1 O-O-O 13.Kh1 h5 14.Bf3 Na5 15.e5 dxe5
16.fxe5 h4 17.Qf2 Qxe5 18.Bf4 Qc5 19.b4 Qxb4 20.Rb1 Qxc3 21.Bd2 Qc7 22.Bxa5
Qxa5 23.Bxb7+ Kc7 24.Nxe6+ Bxe6 25.Qa7 Bc5 26.Qxa6 Qxa6 {#R} 0-1

[Event "Ch Europe (juniors) (under 16) (g)"]
[Site "masterchessopen.com Fermo (Italy)"]
[Round "1"]
[White "Suarez Calvo Alexandra (ESP)"]
[Black "Forsa Elise (NOR)"]
[Result "1-0"]
[WhiteElo "2023"]
[BlackElo "1728"]

1.e4 c5 2.Nf3 e6 3.d4 cxd4 4.Nxd4 a6 5.Nc3 Qc7 6.Be2 Nf6 7.O-O d6 8.Be3 b5
9.a3 Bb7 10.Bd3 Nbd7 11.f4 Nc5 12.Qf3 Be7 13.Nb3 Ncd7 14.Qg3 O-O 15.Qh3 Rfe8
16.g4 Nf8 17.g5 N6d7 18.f5 exf5 19.exf5 f6 20.g6 hxg6 21.fxg6 Ne5 22.Bf5 Nexg6
23.Nd4 Bc8 24.Nd5 Qb7 25.Qf3 Kf7 26.Be4 Ne5 27.Qg3 Qb8 28.Nxe7 Rxe7 29.Bd5+
Ne6 30.Nf5 Rd7 31.Qxg7+ Ke8 32.Qg8+ Nf8 33.Bh6 Ng6 34.Ng7+ Kd8 35.Ne6+ {#r}
1-0

[Event "It (open) \"]
[Site "masterchessopen.com Perm (Russia)"]
[Date "2009.11.07"]
[Round "0"]
[White "Azanov Pavel (RUS)"]
[Black "Abashev Alex (RUS)"]
[Result "0-1"]
[WhiteElo "2073"]
[BlackElo "2256"]

1.e4 c5 2.Nf3 d6 3.Nc3 Nf6 4.d4 cxd4 5.Nxd4 a6 6.Be2 e6 7.O-O Qc7 8.Be3 b5
9.a3 Bb7 10.Bd3 Nbd7 11.f4 Nc5 12.Kh1 Ncxe4 13.Nxe4 Nxe4 14.f5 e5 15.Nb3 Nf6
16.Qd2 d5 17.Rae1 Be7 18.Na5 d4 19.Bxd4 exd4 20.Nxb7 Qxb7 21.Rxe7+ Kxe7
22.Qb4+ Kd7 23.a4 Qd5 24.axb5 a5 25.Qa4 Kc7 26.b6+ Kxb6 27.b4 Rhe8 28.bxa5+
Ka7 29.Bb5 Rec8 30.Rd1 Rab8 31.c4 Qxf5 32.Qa1 Qc5 {#R} 0-1

[Event "Ch World (juniors) (under 10)"]
[Site "masterchessopen.com Kemer (Turkey)"]
[Date "2009.11.14"]
[Round "3"]
[White "Sheremet Anton (BLR)"]
[Black "Januszkiewicz Wojciech"]
[Result "1-0"]
[WhiteElo "1830"]
[BlackElo "1683"]

1.e4 c5 2.Nf3 d6 3.d4 cxd4 4.Nxd4 Nf6 5.Nc3 a6 6.Be2 e6 7.O-O Qc7 8.Kh1 Nbd7
9.f4 b5 10.e5 dxe5 11.fxe5 Nxe5 12.Bf4 Qc5 13.Bxe5 Qxe5 14.Bf3 Bd6 15.Bc6+ Bd7
16.Nf3 Bxc6 17.Nxe5 Bxe5 18.Qe2 Bd4 19.Rad1 Rd8 20.Rf4 Bb6 21.Rxd8+ Bxd8 22.a4
O-O 23.axb5 axb5 24.Nxb5 Bd5 25.Rf1 Ba5 26.Nd4 {#r} 1-0

[Event "It (open) \"]
[Site "masterchessopen.com Belgrade (Serbia)"]
[Date "2009.11.24"]
[Round "1"]
[White "Tasev Dejan (SRB)"]
[Black "Nikolov Momchil (BUL)"]
[Result "0-1"]
[WhiteElo "2089"]
[BlackElo "2517"]

1.e4 c5 2.Nf3 e6 3.d4 cxd4 4.Nxd4 a6 5.Nc3 Qc7 6.Be2 Nf6 7.O-O d6 8.f4 Be7
9.Be3 O-O 10.Qe1 b5 11.a3 Bb7 12.Bf3 Nbd7 13.Nb3 e5 14.Qg3 Rfe8 15.f5 Rac8
16.Rae1 Bf8 17.Rf2 Bc6 18.Qh4 Be7 19.Qh3 a5 20.g4 b4 21.axb4 axb4 22.Nd5 Bxd5
23.exd5 e4 24.g5 exf3 25.Qxf3 Ne5 26.Qg2 Nfg4 27.Nd4 Nxf2 28.Qxf2 Bf8 {#R} 0-1

[Event "Ch Asia (team) (w)"]
[Site "masterchessopen.com Kolkata (India)"]
[Date "2009.12.28"]
[Round "7"]
[White "Ghader Pour Shayesteh (IRI)"]
[Black "Padmini Rout (IND)"]
[Result "0-1"]
[WhiteElo "2172"]
[BlackElo "2243"]

1.e4 c5 2.Nf3 d6 3.d4 cxd4 4.Nxd4 Nf6 5.Nc3 a6 6.Be2 e6 7.O-O Qc7 8.f4 Be7
9.Kh1 b5 10.e5 dxe5 11.fxe5 Nfd7 12.Bf4 Bb7 13.Bh5 O-O 14.Qg4 Nc6 15.Nxe6 fxe6
16.Qxe6+ Kh8 17.Nd5 Qd8 18.Rad1 Nc5 19.Qh3 Nxe5 20.Ne3 Qb8 21.Bg6 Nxg6 22.Bxb8
Raxb8 23.Kg1 Nf4 24.Qg4 h5 25.Rxf4 hxg4 26.Rxg4 Rbd8 27.Rgd4 Rxd4 28.Rxd4 Ne4
{#R} 0-1

[Event "Memorial V.Postovalov"]
[Site "masterchessopen.com Cheliabinsk (Russia)"]
[Date "2010.01.07"]
[Round "6"]
[White "Matvienko Ivan (RUS)"]
[Black "Fesenko Vitaly (RUS)"]
[Result "1-0"]
[WhiteElo "2286"]
[BlackElo "2198"]

1.e4 c5 2.Nf3 e6 3.d4 cxd4 4.Nxd4 a6 5.Be2 Nf6 6.Nc3 Qc7 7.O-O d6 8.a4 b6 9.f4
Bb7 10.Bf3 Nbd7 11.Kh1 g6 12.e5 Nd5 13.Bxd5 exd5 14.e6 Nc5 15.f5 O-O-O 16.Bg5
Re8 17.Ndb5 axb5 18.Nxb5 Qb8 19.exf7 Re7 20.Bf6 gxf5 21.Qh5 {#r} 1-0

[Event "It (open)"]
[Site "masterchessopen.com Manizales (Colombia)"]
[Date "2010.01.10"]
[Round "6"]
[White "Gutierrez Ramon (COL)"]
[Black "Zuluaga Cesar (COL)"]
[Result "0-1"]
[WhiteElo "2207"]
[BlackElo "2325"]

1.e4 c5 2.Nf3 e6 3.d4 cxd4 4.Nxd4 a6 5.Be2 Nf6 6.Nc3 Qc7 7.O-O d6 8.Be3 b5
9.f3 Bb7 10.Kh1 Nbd7 11.a3 Be7 12.Qe1 O-O 13.Qg3 Rfe8 14.Rae1 Rac8 15.Bd3 d5
16.Bf4 Qb6 17.Bh6 Nh5 18.Qh3 gxh6 19.Qxh5 Qxd4 20.exd5 Qh4 21.Qxh4 Bxh4 22.Re4
Bg5 23.dxe6 fxe6 24.Rg4 Ne5 25.Rg3 Nxd3 26.cxd3 Kh8 27.Rg4 Red8 28.d4 Bf6
29.Rd1 Rc4 30.Ne2 e5 31.b3 Rc2 32.Ng3 Rxd4 33.Rgxd4 exd4 34.Nh5 Bg5 35.h4 Rc1
{#R} 0-1

[Event "It \"]
[Site "masterchessopen.com Singapore"]
[Date "2010.02.12"]
[Round "9"]
[White "Chan Yi-Ren Daniel (SIN)"]
[Black "Ramos Domingo (JPN)"]
[Result "1-0"]
[WhiteElo "2394"]
[BlackElo "2259"]

1.e4 c5 2.Nf3 e6 3.d4 cxd4 4.Nxd4 a6 5.Nc3 Qc7 6.Be2 Nf6 7.O-O d6 8.Be3 b5
9.Bf3 Bb7 10.Re1 Be7 11.Bg5 Nbd7 12.a4 bxa4 13.g3 h6 14.Bxf6 Nxf6 15.Nxa4 O-O
16.c4 Nd7 17.Rc1 Qa5 18.b4 Qc7 19.Bg2 a5 20.c5 dxc5 21.bxc5 e5 22.Nf5 Bg5
23.Rc3 Bc6 24.Nb6 Rad8 25.Nd5 Bxd5 26.exd5 Nxc5 27.Qc2 Rc8 28.h4 {#r} 1-0

[Event "Ch City"]
[Site "masterchessopen.com Nizhnij Novgorod (Russia)"]
[Round "0"]
[White "Kozyrev Daniil (RUS)"]
[Black "Shendrik Zhanna (RUS)"]
[Result "1-0"]
[WhiteElo "2142"]
[BlackElo "2028"]

1.d4 Nf6 2.Nf3 c5 3.Nc3 cxd4 4.Nxd4 e6 5.e4 d6 6.Be2 a6 7.O-O Qc7 8.Be3 Be7
9.a4 b6 10.f4 Bb7 11.Bf3 Nbd7 12.Qe2 O-O 13.g4 Nc5 14.Qg2 Rfd8 15.g5 Ne8 16.f5
e5 17.f6 exd4 18.fxe7 Rd7 19.Bxd4 Rxe7 20.Bf6 Re6 21.Nd5 Bxd5 22.exd5 Rxf6
23.gxf6 Nxf6 24.Rae1 Nxa4 25.Be4 Nd7 26.Qh3 g6 27.Rxf7 Kxf7 28.Qxh7+ Kf8
29.Rf1+ Ke8 30.Qg8+ {#r} 1-0

[Event "Ch Schleswig Holstein (VM)"]
[Site "masterchessopen.com Buesum (Germany)"]
[Date "2010.03.29"]
[Round "4"]
[White "Baczinski Wolfgang (GER)"]
[Black "Wobbe Sven (GER)"]
[Result "0-1"]
[WhiteElo "1992"]
[BlackElo "2178"]

1.e4 c5 2.Nf3 e6 3.d4 cxd4 4.Nxd4 a6 5.Nc3 Qc7 6.Be2 Nf6 7.O-O d6 8.Be3 Be7
9.Kh1 b5 10.a3 Bb7 11.f4 Nxe4 12.Nxe4 Bxe4 13.Bf3 Qb7 14.Nb3 Bxf3 15.Rxf3 Nd7
16.Qd4 Nf6 17.a4 O-O 18.Na5 Qc7 19.Bd2 Qxc2 20.axb5 axb5 21.Rc1 Qe4 22.Qb6
Rfb8 23.Qc7 Bf8 24.Re1 Qd5 25.Bb4 Rc8 26.Qb6 Rab8 27.Qg1 Qf5 28.Nb3 Nd5 29.Nd4
Qf6 30.Ba5 b4 31.Qf2 Ra8 32.Nb3 Qf5 33.Nd4 Qg6 34.Ra1 Rxa5 {#R} 0-1

[Event "Ch Hessen (juniors) (under 16)"]
[Site "masterchessopen.com Bad Homburg (Germany)"]
[Round "2"]
[White "Medvedovski Michael (GER)"]
[Black "Hahn Markus (GER)"]
[Result "1-0"]
[WhiteElo "1886"]
[BlackElo "2078"]

1.e4 c5 2.Nf3 e6 3.Nc3 a6 4.d4 cxd4 5.Nxd4 Qc7 6.Be2 Nf6 7.O-O d6 8.a4 Be7
9.Be3 Nbd7 10.f4 b6 11.Bf3 Bb7 12.Re1 O-O 13.Qe2 Rfd8 14.Bf2 Nf8 15.Bg3 Rac8
16.Rad1 Qb8 17.Kh1 Qa8 18.e5 dxe5 19.fxe5 Nd5 20.Ne4 Rc7 21.Nd6 Bxd6 22.exd6
Rcd7 23.c4 Nf6 24.b4 Bxf3 25.Nxf3 Nh5 26.Bh4 f6 27.c5 bxc5 28.bxc5 Qc6 29.Ne5
fxe5 30.Qxh5 Rc8 31.Rxe5 Ng6 32.Rxe6 Qxc5 33.Qxc5 Rxc5 34.Rf1 h6 35.Rxg6 {#r}
1-0

[Event "Cup Municipality"]
[Site "masterchessopen.com Tbilisi (Georgia)"]
[Date "2010.05.15"]
[Round "1"]
[White "Morchiladze Vakhtang (GEO)"]
[Black "Khurtsidze Nino (GEO)"]
[Result "0-1"]
[WhiteElo "1896"]
[BlackElo "2435"]

1.e4 c5 2.Nf3 e6 3.d4 cxd4 4.Nxd4 a6 5.Be2 Nf6 6.Nc3 d6 7.O-O Qc7 8.Be3 Be7
9.f4 Nc6 10.Nb3 b5 11.a3 O-O 12.Qe1 Bb7 13.Qg3 b4 14.axb4 Nxb4 15.Bd3 d5 16.e5
Ne4 17.Bxe4 dxe4 18.f5 exf5 19.Bh6 Qb6+ 20.Be3 Qg6 21.Qf2 f4 22.Bxf4 e3 23.Qg3
Nxc2 24.Rac1 Qb6 25.Kh1 Qxb3 26.Bh6 g6 27.Bxf8 Bxf8 28.e6 fxe6 29.Qc7 Nd4
30.Rf7 Bxg2+ 31.Kg1 Qxb2 32.Rb1 Qxc3 {#R} 0-1

[Event "Ch Pan-American (juniors) (under 20)"]
[Site "masterchessopen.com Cali (Colombia)"]
[Date "2010.05.21"]
[Round "3"]
[White "Barros Raul Junior (COL)"]
[Black "Sanchez Maya Simon (COL)"]
[Result "1-0"]
[WhiteElo "2076"]
[BlackElo "2201"]

1.e4 c5 2.Nf3 d6 3.d4 cxd4 4.Nxd4 Nf6 5.Nc3 a6 6.Be2 e6 7.O-O Qc7 8.a4 Be7
9.Be3 O-O 10.f4 Nc6 11.Nb3 b6 12.Bf3 Bb7 13.g4 Rfe8 14.Bg2 d5 15.e5 Nd7 16.Ne2
Nc5 17.Nbd4 Ne4 18.c3 Bc5 19.Qe1 Na5 20.Ng3 Nc4 21.Bc1 Rad8 22.Kh1 Rd7 23.g5
Rdd8 24.Rf3 Rd7 25.Nh5 b5 26.Rh3 Qb6 27.Nf6+ gxf6 28.gxf6 Bf8 29.b3 Na5 30.Qh4
h6 31.Qg4+ Kh7 32.Bxe4+ dxe4 33.Rg3 {#r} 1-0

[Event "Ch Pan-American (juniors) (under 20)"]
[Site "masterchessopen.com Cali (Colombia)"]
[Date "2010.05.24"]
[Round "7"]
[White "Arenas David (COL)"]
[Black "Macias Murillo Bryan (ECU)"]
[Result "1-0"]
[WhiteElo "2457"]
[BlackElo "2377"]

1.e4 c5 2.Nf3 e6 3.d4 cxd4 4.Nxd4 a6 5.Nc3 Qc7 6.Be2 Nf6 7.O-O d6 8.f4 Be7
9.Be3 O-O 10.Qe1 Re8 11.Qg3 Bf8 12.e5 Nfd7 13.Ne4 d5 14.Ng5 h6 15.Nxf7 Nc5
16.Bh5 Re7 17.Nxh6+ Kh8 18.Ng4 {#r} 1-0

[Event "It (open)"]
[Site "masterchessopen.com Tres Cantos (Spain)"]
[Date "2010.06.24"]
[Round "6"]
[White "Madurga Lopez Ignacio (ESP)"]
[Black "Lopez Galindo Pablo (ESP)"]
[Result "1-0"]
[WhiteElo "2010"]
[BlackElo "1647"]

1.e4 c5 2.Nf3 d6 3.d4 cxd4 4.Nxd4 Nf6 5.Nc3 a6 6.Be2 e6 7.O-O Qc7 8.Be3 b5
9.a3 Bb7 10.Bd3 Nbd7 11.f3 Be7 12.Qe1 O-O 13.Kh1 Nc5 14.Qg3 Rac8 15.Rae1 Ne8
16.f4 Bf6 17.Bg1 g6 18.Nde2 Nxd3 19.cxd3 Qd8 20.Rd1 Bg7 21.Bd4 Nf6 22.Rc1 Nh5
23.Qf3 Nf6 24.Rc2 Qd7 25.Rfc1 h5 26.h3 Qd8 27.b4 Qd7 28.Qf2 Ba8 29.Ra2 Bb7
30.Rca1 Ra8 31.Bb6 Rfc8 32.Rc1 Ne8 33.Rac2 Nf6 34.Nd4 Ne8 35.Nb3 {#r} 1-0

[Event "Ch Poland (team) (juniors) (1 liga)"]
[Site "masterchessopen.com Suchedniow (Poland)"]
[Date "2010.07.13"]
[Round "8"]
[White "Peronczyk Karol (POL)"]
[Black "Chmiel Marcin (POL)"]
[Result "0-1"]
[WhiteElo "1636"]
[BlackElo "1870"]

1.e4 c5 2.Nf3 e6 3.d4 cxd4 4.Nxd4 a6 5.Nc3 Qc7 6.Be2 Nf6 7.O-O d6 8.Kh1 b5
9.a3 Bb7 10.Bd3 Nbd7 11.Bg5 Be7 12.f4 Nc5 13.Qe1 h6 14.Bh4 O-O 15.Nb3 Rac8
16.Nxc5 dxc5 17.Bxf6 Bxf6 18.e5 Be7 19.Be4 b4 20.Bxb7 Qxb7 21.Ne4 Rfd8 22.Qe2
Rd4 23.Ng3 bxa3 24.bxa3 Rcd8 25.Rad1 Qb2 26.Rxd4 cxd4 27.f5 d3 28.Qg4 Rd4
29.Qf3 dxc2 30.fxe6 c1=Q 31.Qxf7+ Kh7 32.Qf5+ Kh8 33.Qf7 {#R} 0-1

[Event "Cup Corporation \"]
[Site "masterchessopen.com Izhevsk (Russia)"]
[Date "2010.07.18"]
[Round "4"]
[White "Ipatov Alexander (ESP)"]
[Black "Ermolaev Evgeny (RUS)"]
[Result "1-0"]
[WhiteElo "2521"]
[BlackElo "1973"]

1.e4 c5 2.Nf3 d6 3.d4 cxd4 4.Nxd4 Nf6 5.Nc3 a6 6.Be2 e6 7.O-O Qc7 8.Be3 b5
9.a3 Bb7 10.f3 Nbd7 11.Qe1 h5 12.Rd1 Be7 13.Kh1 h4 14.Qf2 Nh5 15.Kg1 Ne5 16.f4
Nc4 17.Bc1 Nf6 18.Bf3 g6 19.b3 Nb6 20.e5 Nfd5 21.exd6 Qxd6 22.Ne4 Qc7 23.Ng5
Bxg5 24.fxg5 O-O-O 25.Bg4 Rdf8 26.Nxe6 fxe6 27.Qxf8+ Rxf8 28.Rxf8+ Kd7 29.Rf7+
{#r} 1-0

[Event "It (open) \"]
[Site "masterchessopen.com Copenhagen (Denmark)"]
[Date "2010.08.06"]
[Round "8"]
[White "Rydstrom Tom (SWE)"]
[Black "Christensen Esben (DEN)"]
[Result "1-0"]
[WhiteElo "1848"]
[BlackElo "2071"]

1.e4 c5 2.Nf3 e6 3.d4 cxd4 4.Nxd4 Nf6 5.Nc3 d6 6.Be2 a6 7.O-O Qc7 8.f4 b5
9.Bf3 Bb7 10.e5 Nfd7 11.Bxb7 Qxb7 12.exd6 Bxd6 13.Nxe6 Qb6+ 14.Nd4 O-O 15.Kh1
Nf6 16.Be3 Qc7 17.Ncxb5 axb5 18.Nxb5 Qe7 19.Qxd6 Qxe3 20.Rae1 Ne4 21.Qxf8+
{#r} 1-0

[Event "Tournament (open)"]
[Site "masterchessopen.com Maralsay (Kazakhstan)"]
[Date "2010.08.20"]
[Round "4"]
[White "Shakenov Erzhan (KAZ)"]
[Black "Ismailov Mukhit (KAZ)"]
[Result "1-0"]
[WhiteElo "2260"]
[BlackElo "2061"]

1.e4 c5 2.Nf3 d6 3.d4 cxd4 4.Nxd4 Nf6 5.Nc3 a6 6.Be2 e6 7.O-O Qc7 8.a4 Nc6
9.Nxc6 bxc6 10.f4 Be7 11.Kh1 a5 12.b3 Ba6 13.Bxa6 Rxa6 14.Qe2 Ra8 15.Bb2 e5
16.fxe5 dxe5 17.Nd1 g6 18.Ne3 O-O 19.Nc4 Nd7 20.Rad1 f6 21.Qg4 Nc5 22.Ba3 Rf7
23.Rd2 Kg7 24.Bxc5 Bxc5 25.Rfd1 Ra7 26.Nd6 Bxd6 27.Rxd6 f5 28.exf5 Rxf5 29.h3
Qb6 30.Qe4 Rc7 {#r} 1-0

[Event "It (open) (b)"]
[Site "masterchessopen.com Berekfurdo (Hungary)"]
[Date "2010.09.02"]
[Round "1"]
[White "Perdi Zsombor (HUN)"]
[Black "Berta Sandor (HUN)"]
[Result "0-1"]
[WhiteElo "1508"]
[BlackElo "1841"]

1.e4 c5 2.Nf3 e6 3.d4 cxd4 4.Nxd4 a6 5.Nc3 Qc7 6.Be2 Nf6 7.O-O d6 8.Bg5 Be7
9.f4 Nbd7 10.f5 e5 11.Nb3 O-O 12.Nd2 Qb6+ 13.Kh1 Qc7 14.Nf3 b5 15.a3 Bb7
16.Bd3 Rac8 17.Rc1 Rfe8 18.Re1 Nb6 19.Bxf6 Bxf6 20.h3 Rcd8 21.Qd2 d5 22.exd5
Nxd5 23.Nxd5 Bxd5 24.Ng5 e4 25.Be2 e3 26.Qb4 Bxg5 27.Qg4 Qf4 28.h4 Qxg4
29.Bxg4 Bxh4 30.Rcd1 Bxe1 {#R} 0-1

[Event "Ch India (juniors) (under 15) (g)"]
[Site "masterchessopen.com Delhi (India)"]
[Date "2010.09.05"]
[Round "2"]
[White "Simranjeet Kaur (IND)"]
[Black "Shweta Gole (IND)"]
[Result "0-1"]
[WhiteElo "1610"]
[BlackElo "1814"]

1.e4 c5 2.Nf3 d6 3.d4 cxd4 4.Nxd4 Nf6 5.Nc3 a6 6.Be2 e6 7.O-O Qc7 8.Be3 b5
9.a3 Bb7 10.f3 Nbd7 11.Bd3 Nc5 12.Qd2 Rd8 13.Rad1 d5 14.exd5 Bxd5 15.Nxd5 Nxd5
16.Qe2 Bd6 17.g3 Bxg3 18.hxg3 Qxg3+ 19.Kh1 Nxe3 20.Qxe3 Nxd3 21.Rxd3 Rd5
22.Nxe6 Rh5# 0-1